000
00275nam a22001097a 4500
082
_a
621.38153 ADA'B
100
_a
ADAMS, THOMAS M
_9
56585
245
_a
BASIC ELECTRONICS SERIES TRANSISTOR CIRCUITS
260
_a
NEWYORK
_b
HOWRAD W. SAMS
_c
1962
300
_a
136P
942
_c
BK
999
_c
567747
_d
567747